States With the Most International Students - Statistics

General Stats
  • This quiz has been taken 61 times
  • The average score is 9 of 11
Answer Stats
# of International Students % of Total U.S. International Students Answer % Correct
46,000 4.2% Florida
96%
118,000 11.0% New York
96%
85,000 7.9% Texas
96%
157,000 14.5% California
95%
52,000 4.8% Illinois
89%
63,000 5.8% Massachusetts
86%
34,000 3.2% Michigan
82%
51,000 4.7% Pennsylvania
77%
39,000 3.6% Ohio
73%
31,000 2.8% Indiana
52%
1,079,000 100% United States
16%
No matching quizzes found
Score Distribution
Percent of People with Each Score
Percentile by Number Answered
Your Score History
You have not taken this quiz